| 000 | 00454nam a2200181Ia 4500 | ||
|---|---|---|---|
| 005 | 20240913125135.0 | ||
| 008 | 240913s9999||||xx |||||||||||||| ||und|| | ||
| 041 | _aENGLISH | ||
| 082 | _A333.332 N8 | ||
| 100 | _aBanerjee D N | ||
| 245 | 0 | _aPrinciples and Practice of Valuation | |
| 250 | _a5th | ||
| 260 |
_c1998 _bEastern Law House,Calcutta |
||
| 500 | _aREFERENCE | ||
| 650 |
_aManagement _bManagement Studies |
||
| 942 | _cREF | ||
| 999 |
_c244888 _d244888 |
||